Sistemas de tratamiento y capacitación penitenciarios (Registro nro. 101)

Detalles MARC
000 -Cabecera
Campo de control de longitud fija 00609aam a2200229 4500
005 - Fecha y hora de la última transacción
Campo de control 20260417154145.0
008 - Elementos de longitud fija--Información general
Campo de control de longitud fija 150720b1978 xxu||||| |||| 00| 0 spa d
041 ## - Idioma
Código de idioma Español
082 ## - Clasificación Decimal Dewey
Número de clasificación 365 SI623s
245 ## - Título propiamente dicho
Título Sistemas de tratamiento y capacitación penitenciarios
260 ## - Pie de imprenta
Lugar de publicación, distribución, etc. Costa Rica
260 ## - Pie de imprenta
Nombre del editor, distribuidor, etc. Imprenta Nacional
260 ## - Pie de imprenta
Fecha de publicación, distribución, etc. 1978
300 ## - Descripción física
Extensión 203 páginas
490 ## - Serie
Título de la Serie Investigación Criminal
650 ## - Materia general
Temática (materia general) PENITENCIARIAS
650 ## - Materia general
Temática (materia general) COSTA RICA
650 ## - Materia general
Temática (materia general) TRATAMIENTO PENITENCIARIO
650 ## - Materia general
Temática (materia general) CAPACITACIÓN PENITENCIARIA
650 ## - Materia general
Temática (materia general) CENTROS DE ADOPTACIÓN
942 ## - Punto de acceso adicional KOHA
Tipo de ítem KOHA Libro
Fuente del sistema de clasificación o colocación Dewey Decimal Classification
Existencias
Signatura completa Código de barras Programa Académico Tipo de ítem
365 SI623s 445 Investigación Criminal Libro